Biggest African Cities by Letter - P - Statistics

General Stats
  • This quiz has been taken 241 times
    169 since last reset
  • The average score is 8 of 15
Answer Stats
Pop Country Hint City % Correct
1,763,336 South Africa Administrative capital Pretoria
99%
264,320 Benin "New Port" Porto-Novo
93%
137,868 Cape Verde Capital city Praia
91%
2,120,000 Nigeria Major oil port Port Harcourt
89%
140,403 Mauritius Capital city Port Louis
89%
791,749 Egypt Suez Canal harbor Port Said
80%
394,561 Sudan Red Sea port Port Sudan
77%
715,334 ROC Atlantic port city Pointe-Noire
65%
475,238 South Africa KwaZulu-Natal capital Pietermaritzburg
38%
136,462 Gabon Petroleum seaport Port-Gentil
33%
227,407 South Africa Limpopo capital Polokwane
30%
255,478 Benin Choukachou Parakou
18%
200,529 Mozambique Water sporting Pemba
16%
197,739 South Africa Cape Winelands Paarl
15%
148,804 South Africa _________ University Potchefstroom
6%
No matching quizzes found
Score Distribution
Percent of People with Each Score
Percentile by Number Answered
Your Score History
You have not taken this quiz since the last reset